Loading...

OPERATING SYSTEMS

Bibliographic Details
Main Author: BPB, EDITORIAL BOARD
Format: Printed Book
Published: NEW DELHI, BPB PUBLICATIONS 2012
Subjects:
LEADER 034600000a22004090004500
082 |a 005.43 BPB/OP 
100 |a BPB, EDITORIAL BOARD  |f Author 
245 |a OPERATING SYSTEMS 
260 |a NEW DELHI, BPB PUBLICATIONS 
260 |c 2012 
300 |a pages 328 
650 |a INTRODUCTION 
650 |a OVERVIEW OF PROCESSES AND THREADS 
650 |a PROCESS SYNCHRONIZATION 
650 |a SECURITY IN OPERATING SYSTEM 
942 |c BK 
999 |c 167114  |d 167114 
952 |0 0  |1 0  |4 0  |6 005_430000000000000_BPB_OP  |7 0  |9 170735  |a KAUCOAP  |b KAUCOAP  |d 2013-07-24  |o 005.43 BPB/OP  |p KAU_COAP07481  |r 2013-07-24  |w 2013-07-24  |y BK 
952 |0 0  |1 0  |4 0  |6 005_430000000000000_BPB_OP  |7 0  |9 170736  |a KAUCOAP  |b KAUCOAP  |d 2013-07-24  |o 005.43 BPB/OP  |p KAU_COAP07482  |r 2013-07-24  |w 2018-06-11  |y BK 
952 |0 0  |1 0  |4 0  |6 005_430000000000000_BPB_OP  |7 0  |9 170737  |a KAUCOAP  |b KAUCOAP  |d 2013-07-24  |o 005.43 BPB/OP  |p KAU_COAP07483  |r 2013-07-24  |w 2018-06-11  |y BK 
952 |0 0  |1 0  |4 0  |6 005_430000000000000_BPB_OP  |7 0  |9 170738  |a KAUCOAP  |b KAUCOAP  |d 2013-07-24  |o 005.43 BPB/OP  |p KAU_COAP07484  |r 2013-07-24  |w 2018-06-11  |y BK 
952 |0 0  |1 0  |4 0  |6 005_430000000000000_BPB_OP  |7 0  |9 170739  |a KAUCOAP  |b KAUCOAP  |d 2013-07-24  |o 005.43 BPB/OP  |p KAU_COAP07485  |r 2013-07-24  |w 2018-06-11  |y BK 
952 |0 0  |1 0  |4 0  |6 005_430000000000000_BPB_OP  |7 0  |9 170740  |a KAUCOAP  |b KAUCOAP  |d 2013-07-24  |o 005.43 BPB/OP  |p KAU_COAP07486  |r 2013-07-24  |w 2018-06-11  |y BK 
952 |0 0  |1 0  |4 0  |6 005_430000000000000_BPB_OP  |7 0  |9 170741  |a KAUCOAP  |b KAUCOAP  |d 2013-07-24  |o 005.43 BPB/OP  |p KAU_COAP07487  |r 2013-07-24  |w 2018-06-11  |y BK 
952 |0 0  |1 0  |4 0  |6 005_430000000000000_BPB_OP  |7 0  |9 170742  |a KAUCOAP  |b KAUCOAP  |d 2013-07-24  |o 005.43 BPB/OP  |p KAU_COAP07488  |r 2013-07-24  |w 2018-06-11  |y BK 
952 |0 0  |1 0  |4 0  |6 005_430000000000000_BPB_OP  |7 0  |9 170743  |a KAUCOAP  |b KAUCOAP  |d 2013-07-24  |o 005.43 BPB/OP  |p KAU_COAP07489  |r 2013-07-24  |w 2018-06-11  |y BK 
952 |0 0  |1 0  |4 0  |6 005_430000000000000_BPB_OP  |7 0  |9 170744  |a KAUCOAP  |b KAUCOAP  |d 2013-07-24  |o 005.43 BPB/OP  |p KAU_COAP07490  |r 2013-07-24  |w 2018-06-11  |y BK 
952 |0 0  |1 0  |4 0  |6 005_430000000000000_BPB_OP  |7 0  |9 170745  |a KAUCOAP  |b KAUCOAP  |d 2013-07-24  |o 005.43 BPB/OP  |p KAU_COAP07491  |r 2013-07-24  |w 2018-06-11  |y BK 
952 |0 0  |1 0  |4 0  |6 005_430000000000000_BPB_OP  |7 0  |9 170746  |a KAUCOAP  |b KAUCOAP  |d 2013-07-24  |o 005.43 BPB/OP  |p KAU_COAP07492  |r 2013-07-24  |w 2018-06-11  |y BK 
952 |0 0  |1 0  |4 0  |6 005_430000000000000_BPB_OP  |7 0  |9 170747  |a KAUCOAP  |b KAUCOAP  |d 2013-07-24  |o 005.43 BPB/OP  |p KAU_COAP07493  |r 2013-07-24  |w 2018-06-11  |y BK 
952 |0 0  |1 0  |4 0  |6 005_430000000000000_BPB_OP  |7 0  |9 170748  |a KAUCOAP  |b KAUCOAP  |d 2013-07-24  |o 005.43 BPB/OP  |p KAU_COAP07494  |r 2013-07-24  |w 2018-06-11  |y BK 
952 |0 0  |1 0  |4 0  |6 005_430000000000000_BPB_OP  |7 0  |9 170749  |a KAUCOAP  |b KAUCOAP  |d 2013-07-24  |o 005.43 BPB/OP  |p KAU_COAP07495  |r 2013-07-24  |w 2018-06-11  |y BK 
952 |0 0  |1 0  |4 0  |6 005_430000000000000_BPB_OP  |7 0  |9 170750  |a KAUCOAP  |b KAUCOAP  |d 2013-07-24  |o 005.43 BPB/OP  |p KAU_COAP07496  |r 2013-07-24  |w 2018-06-11  |y BK 
952 |0 0  |1 0  |4 0  |6 005_430000000000000_BPB_OP  |7 0  |9 170751  |a KAUCOAP  |b KAUCOAP  |d 2013-07-24  |o 005.43 BPB/OP  |p KAU_COAP07497  |r 2013-07-24  |w 2018-06-11  |y BK 
952 |0 0  |1 0  |4 0  |6 005_430000000000000_BPB_OP  |7 0  |9 170752  |a KAUCOAP  |b KAUCOAP  |d 2013-07-24  |o 005.43 BPB/OP  |p KAU_COAP07498  |r 2013-07-24  |w 2018-06-11  |y BK 
952 |0 0  |1 0  |4 0  |6 005_430000000000000_BPB_OP  |7 0  |9 170753  |a KAUCOAP  |b KAUCOAP  |d 2013-07-24  |o 005.43 BPB/OP  |p KAU_COAP07499  |r 2013-07-24  |w 2018-06-11  |y BK 
952 |0 0  |1 0  |4 0  |6 005_430000000000000_BPB_OP  |7 0  |9 170754  |a KAUCOAP  |b KAUCOAP  |d 2013-07-24  |o 005.43 BPB/OP  |p KAU_COAP07500  |r 2013-07-24  |w 2018-06-11  |y BK